000 00326nam a2200145Ia 4500
100 _aZaniold/carlo
942 _cBK
654 _aAdvanced Computer
245 _aAdvanced Database Systems
260 _bMorgan kaufmann pub
_aNew york
_c1997
082 _a5.74
_bZAW
300 _a574
546 _aENGLISH
999 _c22164
_d22164